Canciones argentinas (1910-2010) /
Guardado en:
| Autor Principal: | |
|---|---|
| Formato: | Libro |
| Publicado: |
Buenos Aires :
Emecé,
2010
|
| Materias: | |
| Etiquetas: |
Agregar Etiqueta
Sin Etiquetas, Sea el primero en etiquetar este registro!
|
| LEADER | 00749nam a22002055a 4500 | ||
|---|---|---|---|
| 001 | CEM.cems013442 | ||
| 005 | 20101111103803.0 | ||
| 008 | 130507s2010##################000#0#####d | ||
| 003 | CEMS | ||
| 020 | |a 9789500432795 | ||
| 082 | 0 | 4 | |a 780.982 |
| 100 | 1 | |a Pujol, Sergio | |
| 245 | 1 | 0 | |a Canciones argentinas (1910-2010) / |c Sergio Pujol |
| 260 | |a Buenos Aires : |b Emecé, |c 2010 | ||
| 300 | |a 432 p. | ||
| 505 | 0 | |a Canciones en la vitrola (1910-1934) -- Lo que cantaba la radio (1935-1956) -- Los años del wincofón (1957-1970) -- Piezas de un álbum (1971-1987) -- Canciones a la vista (1988-2010) | |
| 653 | |a Música | ||
| 653 | |a Música argentina | ||
| 653 | |a Música argentina-historia | ||
| 859 | |a CEMS |b BIB. CEMS - 11 de abril |h 780.982 |i P964 |p 26059.10 |t Ej.1 | ||
